| 000 | 00501nam a22001697a 4500 | ||
|---|---|---|---|
| 005 | 20251108175551.0 | ||
| 008 | 250721s2016 xx 000 0 ara d | ||
| 082 | 1 | 4 | _aق/فير |
| 100 | 1 | _aفيرن، جول | |
| 245 | 1 | 0 | _aعشرون ألف فرسخ تحت البحر / |
| 264 | 1 |
_aعمان : _bدار الألف كتاب للنشر و التوزيع، _c2016. |
|
| 300 | _a303ص. | ||
| 650 | 1 | 7 | _aالادب المترجم |
| 650 | 1 | 7 | _aالروايات |
| 942 |
_2ddc _cBK |
||
| 999 |
_c137162 _d137162 |
||